Odgadnij piosenkę Zeamsone po fragmencie teledysku - Statystyki

Ogólne statystyki
  • Ten quiz został rozwiązany 8 razy
  • Średni wynik to 7 z 16
Statystyki odpowiedzi
Obrazkowy Odpowiedź % Poprawnych
HIGH RIGHT NOW
71%
Manekiny
71%
Nie Interesuje
71%
BIO
57%
High Life 2
57%
San Andreas
57%
WHAT A TIME TO BE ALIVE
57%
Więzień Wizerunku
57%
HIGH LIFE 3
43%
Koleżanki
43%
Moi Ziomale
29%
Perfidia
29%
Polityka Dzielnicy
29%
BRUDNE MYŚLI
14%
DOTKNIJ
14%
Japanese Hoes
14%
Nie znaleziono quizów pasujących do podanych kryteriów
Rozkład punktacji
Procent ludzi z każdym wynikiem
Percentyl według liczby udzielonych odpowiedzi
Twoja historia wyników
Nie rozwiązałeś tego quizu